000 01666nam0a22003011 4500
001 rc\3727121
005 20260405194704.0
021 _aRU
_bП817-70
035 _a(NLR Aleph) 007777275
090 _a7531349
_c7531349
100 _a20130115d1969 |||y0rusy50 ca
101 0 _arus
102 _aRU
105 _aa z |||||
200 1 _aСкважинный многоканальный гамма-спектрометр СГС-1 и опыт его использования при ядерно-геофизических исследованиях
_e[Сборник статей]
_f[Науч. ред. К.Ф. Кузнецов, Д.И. Лейпунская]
210 _aМосква
_cБ. и.
_d1969
215 _a102 с.
_cил.
_d29
225 1 _aМинистерство геологии СССР. Бюллетень научно-технической информации
_iСерия. Региональная, разведочная и промысловая геофизика
_v№ 14
309 _aОтпеч. множит. аппаратом
320 _aБиблиогр. в конце статей
532 1 1 _aСкважинный многоканальный гамма-спектрометр СГС-один и опыт его использования при ядерно-геофизических исследованиях
702 1 _aКузнецов
_bК.Ф.
_4340
702 1 _4340
_8rus
_7ca
_aЛейпунская
_bД. И.
_cд-р техн. наук
_f1912-1977
_gДора Ильинична
_3RU\NLR\AUTH\7786398
_969326
801 0 _aRU
_bNLR
_gpsbo
801 1 _aRU
_bELAR
_2rusmarc
852 _aNLR
_jП8/774
942 _cBOOK
980 _aNB